Normal view
MARC view
Entry Topical Term
001 - CONTROL NUMBER
- control field: 17599
003 - CONTROL NUMBER IDENTIFIER
- control field: HDC
005 - DATE AND TIME OF LATEST TRANSACTION
- control field: 20230624073517.0
008 - FIXED-LENGTH DATA ELEMENTS
- fixed length control field: 210228|| aca||aabn | a|a d
040 ## - CATALOGING SOURCE
- Original cataloging agency: HDC
- Transcribing agency: HDC
150 ## - HEADING--TOPICAL TERM
- Topical term or geographic name entry element: Halal market products
- Geographic subdivision: Philippines
670 ## - SOURCE DATA FOUND
- Source citation: Work cat.: (HDC): Araneta, Macon Ramos author 17598, Philippines: $500b halal market eyed for local producers, 2010
